000 00269nam a22001217a 4500
008 180806b xxu||||| |||| 00| 0 eng d
082 _a813.52
245 _aMedical Encyclopedia
_cMosby
260 _c1996
300 _a1
_fCD
440 _x8004264545
942 _2ddc
_cMX
999 _c46845
_d46845